000 00628nam a22001337a 4500
040 _cRUA
082 _aFOR CHO 2013 B141 Or.1
100 _aCHOEURM SOPHAI
245 _aThe study of forestry sector's structure from 1980 until present; ការសិក្សាពីរចនាសម្ព័ន្ធរបស់វិស័យព្រៃឈើ ពីឆ្នំា១៩៨០ រហូតដល់បច្ចុប្បន្ន.
260 _aPhnom Penh
_bRUA
_c2013
300 _axii;55p.
_bill.
_c29cm.
856 _uhttps://drive.google.com/file/d/1KI2llvNVhu3SKWNPk4_GZ7PvNWb4QrV8/view?usp=sharing
942 _cFOR
999 _c3444
_d3444